Marketing luxury services: Concepts strategy and practice (Record no. 1225245)

MARC details
000 -LEADER
fixed length control field 00658nam a2200217Ia 4500
005 - DATE AND TIME OF LATEST TRANSACTION
control field 20241129104305.0
008 - FIXED-LENGTH DATA ELEMENTS--GENERAL INFORMATION
fixed length control field 241129s9999||||xx |||||||||||||| ||und||
020 ## - INTERNATIONAL STANDARD BOOK NUMBER
International Standard Book Number 9783030860721
037 ## - SOURCE OF ACQUISITION
Stock number Textual
040 ## - CATALOGING SOURCE
Original cataloging agency RTL
Language of cataloging eng
Transcribing agency RTL
041 ## - LANGUAGE CODE
Language code of text/sound track or separate title eng
Source of code eng
084 ## - COLON CLASSIFICATION NUMBER
Classification number X9(Y):51 R3
Assigning agency RTL
100 ## - MAIN ENTRY--PERSONAL NAME
Personal name Hemzo Miguel Angelo
9 (RLIN) 725630
245 #0 - TITLE STATEMENT
Title Marketing luxury services: Concepts strategy and practice
Statement of responsibility, etc. Hemzo Miguel Angelo
260 ## - PUBLICATION, DISTRIBUTION, ETC.
Place of publication, distribution, etc. Switzerland
Name of publisher, distributor, etc. Palgrave Macmillan
Date of publication, distribution, etc. 2023
300 ## - PHYSICAL DESCRIPTION
Extent xxi,212p.
365 ## - TRADE PRICE
Price type code INR
Price amount Rs.4504.60
650 ## - SUBJECT ADDED ENTRY--TOPICAL TERM
Topical term or geographic name entry element Marketing Services
9 (RLIN) 725631
942 ## - ADDED ENTRY ELEMENTS (KOHA)
Koha item type Textbook
Classification part X9(Y):51 R3
Holdings
Withdrawn status Lost status Damaged status Not for loan Home library Current library Date acquired Source of acquisition Inventory number Total Checkouts Full call number Barcode Date last seen Price effective from Koha item type
        Ratan Tata Library Ratan Tata Library 2024-11-29 Segment book 67588& 14/2/2024   X9(Y):51 R3 RT1528181 2024-11-29 2024-11-29 Textbook
Copyright @ Delhi University Library System